000 00736nam a22002297a 4500
999 _c159130
_d159130
005 20181204161406.0
006 a|||||f|||| 00| 0
007 tc
008 180720b xxu||||| |||| 00| 0 eng d
010 _aB-218253-B-218256
020 _c28.00(per set)
035 _aB-218253
037 _bA.I.C.B.
082 _a600
100 _aYadav, M.
245 _aAtom to Neno Tech
_cby Yadav M.
260 _aDelhi
_bA.C.I.B.
_cN.D.
270 _aSector-5, Rohini,
_bNew Delhi
_e110085
300 _a2V., various pages.
_c30cm(HB).
942 _2ddc
_cBRLEN
_h600
_mYAD